Normal view MARC view
  • Hubbell, Jeremy

Entry Personal Name

Number of records used in: 1

001 - CONTROL NUMBER

  • control field: 101652

003 - CONTROL NUMBER IDENTIFIER

  • control field: NUST

005 - DATE AND TIME OF LATEST TRANSACTION

  • control field: 20221028144100.0

008 - FIXED-LENGTH DATA ELEMENTS

  • fixed length control field: 221028|| aca||aabn | a|a d

040 ## - CATALOGING SOURCE

  • Original cataloging agency: NUST
  • Transcribing agency: NUST

100 ## - HEADING--PERSONAL NAME

  • Personal name: Hubbell, Jeremy

670 ## - SOURCE DATA FOUND

  • Source citation: Work cat.: (NUST)179721: Boardman, Ted. 66779, Inside 3D Studio MAX 2 , c1999.
© 2023 Central Library, National University of Sciences and Technology. All Rights Reserved.